| 000 | 00860nam a22002415i 4500 | ||
|---|---|---|---|
| 001 | 162259 | ||
| 003 | ES-MaACL | ||
| 005 | 20230906212451.0 | ||
| 008 | 940606s1859 sp |||| | spa d | ||
| 040 |
_aCAT _bspa _cCAT _dCCPB |
||
| 080 | _a871-2"-03/-02" | ||
| 100 | 0 |
_aPlauto, Tito Maccio. _992613 |
|
| 245 | 1 | 3 |
_aEl Anfitrión / _cde Plauto. Y La andriana / de Terencio ; traducidas del latín al castellano por Salvador Costanzo. |
| 260 |
_aMadrid : _b[s.n.], _c1859 ( _fEstablecimiento Tipográfico de F. de P. Mellado) |
||
| 300 |
_a128 p. ; _c24 cm. |
||
| 594 | 1 | _aTexto paralelo latin castellano a dos col. | |
| 700 | 1 |
_aTerencio Africano, Publio. _9109734 |
|
| 700 | 1 |
_aMellado, Francisco de Paula. _9129810 |
|
| 700 | 1 |
_aCostanzo, Salvador. _941130 |
|
| 740 | 0 | _aAndriana. | |
| 852 |
_aES-MaACL _jG-6977 _z-- Enc. hol. |
||
| 999 |
_c162259 _d162259 |
||